Srishti utpatti (Record no. 1429133)

MARC details
000 -LEADER
fixed length control field 00502nam a2200193Ia 4500
005 - DATE AND TIME OF LATEST TRANSACTION
control field 20250822151853.0
008 - FIXED-LENGTH DATA ELEMENTS--GENERAL INFORMATION
fixed length control field 008 250516s9999 xx 000 0 hin d
020 ## - INTERNATIONAL STANDARD BOOK NUMBER
International Standard Book Number 9789386081346
040 ## - CATALOGING SOURCE
Language of cataloging eng
Transcribing agency SDCL
041 ## - LANGUAGE CODE
Language code of text/sound track or separate title hin
Source of code hin
084 ## - COLON CLASSIFICATION NUMBER
Classification number Q1 R3
100 ## - MAIN ENTRY--PERSONAL NAME
Personal name Agarwal, Shiv Prakash
245 #0 - TITLE STATEMENT
Title Srishti utpatti
246 ## - VARYING FORM OF TITLE
Title proper/short title सृष्टि उत्पत्ति
260 ## - PUBLICATION, DISTRIBUTION, ETC.
Place of publication, distribution, etc. Delhi:
Name of publisher, distributor, etc. Aastha Prakashan,
Date of publication, distribution, etc. 2023.
300 ## - PHYSICAL DESCRIPTION
Extent 124p.
650 ## - SUBJECT ADDED ENTRY--TOPICAL TERM
Topical term or geographic name entry element Sanskrit
942 ## - ADDED ENTRY ELEMENTS (KOHA)
Koha item type Textual
Source of classification or shelving scheme Colon Classification (CC)
999 ## -
-- 1429133
-- 1429133
Holdings
Withdrawn status Lost status Source of classification or shelving scheme Damaged status Not for loan Home library Current library Date acquired Source of acquisition Inventory number Total checkouts Full call number Barcode Date last seen Price effective from Koha item type
    Colon Classification (CC)     South Campus Library South Campus Library 2025-05-22 Indu Prakashan 154, 09/12/2024   Q1 R3 SC1808296 2025-05-22 2025-05-22 Textual
Copyright @ Delhi University Library System